000 01342nam0a2200337 4500
001 RU\NLR\bibl\1456984
005 20260407062731.0
010 _a978-5-9985-0339-9
_95000
021 _aRU
_b2009-90289
_95693
035 _a(nilc)RSL-KNO-004410078
035 _a(NLR Aleph) 001448779
090 _a1509698
_c1509698
100 _a20091105d2009 |||y0rusy50 ca
101 0 _arus
102 _aRU
105 _aa z||||||a|
200 1 _aПриключения Хомы и Суслика
_e[для младшего школьного возраста]
_fАльберт Иванов
_g[иллюстрации Сергея Бордюга]
210 _aСанкт-Петербург
_cАзбука-классика
_d2009
215 _a222, [1] с.
_cил.
_d22
225 1 _aДобрые сказки
686 _aШ9(2)6=Р70-2
_2rubbk
686 _aШ9(2)60=Р7-2
700 1 _4070
_7ca
_8rus
_aИванов
_bА. А.
_cдет. писатель
_f1938-
_gАльберт Анатольевич
_9122629
_3RU\NLR\auth\7712920
702 1 _4440
_7ca
_8rus
_aБордюг
_bС. И.
_cхудожник
_f1953-
_gСергей Иванович
_928664
_3RU\NLR\AUTH\7745729
801 0 _aRU
_bРКП
_c20091105
_grcr
801 1 _aRU
_bРГБ
_c20091105
801 2 _aRU
_bNLR
_c20091224
_grcr
942 _cBOOK
980 _aNB